[Event "British Rapidplay Championship 2023"]
[Site "Mercure Bradford, Bankfield Hotel"]
[Date "2023.04.16"]
[Round "10.25"]
[White "De Silva, Sithun"]
[Black "Baxter, Martin"]
[Result "1-0"]
[TimeControl "All moves in 15 minutes plus 10 second increment per move from move 1"]
[WhiteElo "1507"]
[BlackElo "1766"]

1. e4 {[%clk 00:15:18]} {[%emt 00:00:02]} e5 {[%clk 00:15:18]} {[%emt
00:00:02]} 2. Nf3 {[%clk 00:15:26]} {[%emt 00:00:02]} Nc6 {[%clk 00:15:26]}
{[%emt 00:00:02]} 3. Bb5 {[%clk 00:15:34]} {[%emt 00:00:02]} f5 {[%clk
00:15:33]} {[%emt 00:00:03]} 4. d3 {[%clk 00:15:30]} {[%emt 00:00:14]} Nf6
{[%clk 00:14:52]} {[%emt 00:00:52]} 5. Bg5 {[%clk 00:15:31]} {[%emt 00:00:09]}
Bc5 {[%clk 00:14:29]} {[%emt 00:00:33]} 6. Nbd2 {[%clk 00:14:55]} {[%emt
00:00:46]} O-O {[%clk 00:14:19]} {[%emt 00:00:20]} 7. exf5 {[%clk 00:13:58]}
{[%emt 00:01:07]} d6 {[%clk 00:13:43]} {[%emt 00:00:45]} 8. Bxf6 {[%clk
00:13:54]} {[%emt 00:00:14]} Qxf6 {[%clk 00:13:46]} {[%emt 00:00:07]} 9. Ne4
{[%clk 00:13:58]} {[%emt 00:00:06]} Qxf5 {[%clk 00:13:18]} {[%emt 00:00:39]} 10.
Nxc5 {[%clk 00:13:59]} {[%emt 00:00:09]} dxc5 {[%clk 00:13:08]} {[%emt
00:00:20]} 11. Bxc6 {[%clk 00:13:45]} {[%emt 00:00:23]} bxc6 {[%clk 00:13:13]}
{[%emt 00:00:05]} 12. Qe2 {[%clk 00:13:25]} {[%emt 00:00:30]} Bd7 {[%clk
00:12:19]} {[%emt 00:01:05]} 13. O-O-O {[%clk 00:12:39]} {[%emt 00:00:56]} Qf4+
{[%clk 00:10:51]} {[%emt 00:01:38]} 14. Qe3 {[%clk 00:12:19]} {[%emt 00:00:29]}
Qxe3+ {[%clk 00:09:57]} {[%emt 00:01:05]} 15. fxe3 {[%clk 00:12:26]} {[%emt
00:00:02]} Bg4 {[%clk 00:10:05]} {[%emt 00:00:02]} 16. Rhf1 {[%clk 00:12:17]}
{[%emt 00:00:18]} Rae8 {[%clk 00:09:47]} {[%emt 00:00:30]} 17. e4 {[%clk
00:12:01]} {[%emt 00:00:25]} a5 {[%clk 00:09:36]} {[%emt 00:00:22]} 18. h3
{[%clk 00:12:01]} {[%emt 00:00:08]} Bxf3 {[%clk 00:09:43]} {[%emt 00:00:04]} 19.
Rxf3 {[%clk 00:12:08]} {[%emt 00:00:03]} Rxf3 {[%clk 00:09:41]} {[%emt
00:00:12]} 20. gxf3 {[%clk 00:12:15]} {[%emt 00:00:02]} Rf8 {[%clk 00:09:46]}
{[%emt 00:00:06]} 21. Rf1 {[%clk 00:12:24]} {[%emt 00:00:01]} Kf7 {[%clk
00:09:49]} {[%emt 00:00:07]} 22. Kd2 {[%clk 00:12:13]} {[%emt 00:00:21]} Ke6
{[%clk 00:09:39]} {[%emt 00:00:19]} 23. a4 {[%clk 00:12:02]} {[%emt 00:00:21]}
h5 {[%clk 00:09:36]} {[%emt 00:00:14]} 24. Ke3 {[%clk 00:11:45]} {[%emt
00:00:24]} g5 {[%clk 00:09:21]} {[%emt 00:00:28]} 25. Rg1 {[%clk 00:11:34]}
{[%emt 00:00:20]} Rg8 {[%clk 00:08:50]} {[%emt 00:00:41]} 26. Rg3 {[%clk
00:10:12]} {[%emt 00:01:30]} Kf6 {[%clk 00:08:14]} {[%emt 00:00:48]} 27. Rg1
{[%clk 00:09:33]} {[%emt 00:00:44]} Ke6 {[%clk 00:08:02]} {[%emt 00:00:27]} 28.
b3 {[%clk 00:09:31]} {[%emt 00:00:12]} Kf6 {[%clk 00:08:06]} {[%emt 00:00:06]}
29. Rg2 {[%clk 00:09:11]} {[%emt 00:00:29]} Ke6 {[%clk 00:08:12]} {[%emt
00:00:06]} 30. Kd2 {[%clk 00:08:46]} {[%emt 00:00:33]} Kd6 {[%clk 00:07:56]}
{[%emt 00:00:28]} 31. h4 {[%clk 00:07:02]} {[%emt 00:01:53]} g4 {[%clk
00:07:51]} {[%emt 00:00:15]} 32. fxg4 {[%clk 00:07:09]} {[%emt 00:00:03]} hxg4
{[%clk 00:07:21]} {[%emt 00:00:40]} 33. h5 {[%clk 00:07:16]} {[%emt 00:00:03]}
Ke6 {[%clk 00:07:19]} {[%emt 00:00:13]} 34. h6 {[%clk 00:07:24]} {[%emt
00:00:02]} Kf6 {[%clk 00:07:08]} {[%emt 00:00:21]} 35. h7 {[%clk 00:07:32]}
{[%emt 00:00:02]} Rh8 {[%clk 00:07:13]} {[%emt 00:00:06]} 36. Rxg4 {[%clk
00:07:38]} {[%emt 00:00:03]} Rxh7 {[%clk 00:07:21]} {[%emt 00:00:02]} 37. Rg8
{[%clk 00:07:41]} {[%emt 00:00:05]} Rh2+ {[%clk 00:06:57]} {[%emt 00:00:37]} 38.
Kc3 {[%clk 00:07:50]} {[%emt 00:00:01]} Ke6 {[%clk 00:06:14]} {[%emt 00:00:53]}
39. Ra8 {[%clk 00:07:56]} {[%emt 00:00:04]} Kd6 {[%clk 00:05:34]} {[%emt
00:00:49]} 40. Rxa5 {[%clk 00:08:00]} {[%emt 00:00:05]} Rg2 {[%clk 00:05:37]}
{[%emt 00:00:07]} 41. Ra8 {[%clk 00:08:02]} {[%emt 00:00:07]} Re2 {[%clk
00:05:34]} {[%emt 00:00:14]} 42. Rd8+ {[%clk 00:07:55]} {[%emt 00:00:15]} Ke7
{[%clk 00:05:36]} {[%emt 00:00:10]} 43. Rh8 {[%clk 00:08:01]} {[%emt 00:00:04]}
Kd6 {[%clk 00:05:19]} {[%emt 00:00:28]} 44. Ra8 {[%clk 00:07:44]} {[%emt
00:00:26]} Re1 {[%clk 00:04:56]} {[%emt 00:00:34]} 45. Kc4 {[%clk 00:07:35]}
{[%emt 00:00:18]} Rc1 {[%clk 00:04:18]} {[%emt 00:00:49]} 46. c3 {[%clk
00:07:43]} {[%emt 00:00:02]} Rd1 {[%clk 00:04:09]} {[%emt 00:00:19]} 47. Ra5
{[%clk 00:07:47]} {[%emt 00:00:06]} Ke6 {[%clk 00:03:55]} {[%emt 00:00:23]} 48.
Rxc5 {[%clk 00:07:48]} {[%emt 00:00:09]} Kd6 {[%clk 00:04:01]} {[%emt
00:00:05]} 49. Ra5 {[%clk 00:07:47]} {[%emt 00:00:11]} Ra1 {[%clk 00:03:57]}
{[%emt 00:00:13]} 50. Ra8 {[%clk 00:07:24]} {[%emt 00:00:33]} Ra2 {[%clk
00:04:01]} {[%emt 00:00:06]} 51. a5 {[%clk 00:07:17]} {[%emt 00:00:18]} Ra1
{[%clk 00:04:06]} {[%emt 00:00:05]} 52. b4 {[%clk 00:07:05]} {[%emt 00:00:21]}
Rc1 {[%clk 00:04:07]} {[%emt 00:00:10]} 53. a6 {[%clk 00:07:09]} {[%emt
00:00:06]} Rc2 {[%clk 00:04:13]} {[%emt 00:00:03]} 54. a7 {[%clk 00:07:14]}
{[%emt 00:00:05]} 1-0

[Event "British Rapidplay Championship 2023"]
[Site "Mercure Bradford, Bankfield Hotel"]
[Date "2023.04.16"]
[Round "10.26"]
[White "Stephens, Carl"]
[Black "Wainwright, Charlie"]
[Result "1/2-1/2"]
[TimeControl "All moves in 15 minutes plus 10 second increment per move from move 1"]
[WhiteElo "1682"]
[BlackElo "1329"]

1. b3 {[%clk 00:15:18]} {[%emt 00:00:02]} b6 {[%clk 00:15:01]} {[%emt
00:00:19]} 2. Bb2 {[%clk 00:15:27]} {[%emt 00:00:02]} Bb7 {[%clk 00:15:10]} 3.
f4 {[%clk 00:15:21]} {[%emt 00:00:15]} d6 {[%clk 00:14:48]} {[%emt 00:00:32]} 4.
d3 {[%clk 00:15:25]} {[%emt 00:00:06]} f6 {[%clk 00:14:53]} {[%emt 00:00:06]} 5.
Nd2 {[%clk 00:15:07]} {[%emt 00:00:28]} e5 {[%clk 00:14:57]} {[%emt 00:00:05]}
6. f5 {[%clk 00:14:51]} {[%emt 00:00:26]} Nd7 {[%clk 00:14:16]} {[%emt
00:00:51]} 7. Ngf3 {[%clk 00:14:57]} {[%emt 00:00:04]} Nh6 {[%clk 00:14:00]}
{[%emt 00:00:26]} 8. e4 {[%clk 00:15:03]} {[%emt 00:00:04]} Be7 {[%clk
00:13:27]} {[%emt 00:00:42]} 9. Be2 {[%clk 00:14:37]} {[%emt 00:00:37]} O-O
{[%clk 00:12:23]} {[%emt 00:01:14]} 10. O-O {[%clk 00:14:36]} {[%emt 00:00:11]}
c5 {[%clk 00:12:31]} {[%emt 00:00:02]} 11. c3 {[%clk 00:14:27]} {[%emt
00:00:19]} Qc7 {[%clk 00:12:14]} {[%emt 00:00:26]} 12. Rc1 {[%clk 00:14:10]}
{[%emt 00:00:28]} Nf7 {[%clk 00:10:40]} {[%emt 00:01:44]} 13. d4 {[%clk
00:14:15]} {[%emt 00:00:05]} Rac8 {[%clk 00:10:14]} {[%emt 00:00:36]} 14. d5
{[%clk 00:13:15]} {[%emt 00:01:10]} a5 {[%clk 00:10:09]} {[%emt 00:00:15]} 15.
a3 {[%clk 00:10:30]} {[%emt 00:02:56]} Ra8 {[%clk 00:10:01]} {[%emt 00:00:18]}
16. b4 {[%clk 00:10:32]} {[%emt 00:00:08]} Ba6 {[%clk 00:08:45]} {[%emt
00:01:25]} 17. Bxa6 {[%clk 00:10:26]} {[%emt 00:00:16]} Rxa6 {[%clk 00:08:50]}
{[%emt 00:00:04]} 18. Qe2 {[%clk 00:10:34]} {[%emt 00:00:03]} Raa8 {[%clk
00:08:56]} {[%emt 00:00:04]} 19. b5 {[%clk 00:10:06]} {[%emt 00:00:38]} Rfe8
{[%clk 00:08:56]} {[%emt 00:00:10]} 1/2-1/2

[Event "British Rapidplay Championship 2023"]
[Site "Mercure Bradford, Bankfield Hotel"]
[Date "2023.04.16"]
[Round "10.27"]
[White "Barton, Ben"]
[Black "Day, Paul G"]
[Result "1/2-1/2"]
[TimeControl "All moves in 15 minutes plus 10 second increment per move from move 1"]
[WhiteElo "1577"]
[BlackElo "1627"]

1. e4 {[%clk 00:15:19]} {[%emt 00:00:01]} e5 {[%clk 00:15:19]} {[%emt
00:00:01]} 2. d4 {[%clk 00:15:28]} exd4 {[%clk 00:15:26]} {[%emt 00:00:04]} 3.
c3 {[%clk 00:15:37]} dxc3 {[%clk 00:15:34]} {[%emt 00:00:02]} 4. Bc4 {[%clk
00:15:45]} {[%emt 00:00:01]} cxb2 {[%clk 00:15:31]} {[%emt 00:00:13]} 5. Bxb2
{[%clk 00:15:54]} {[%emt 00:00:01]} d5 {[%clk 00:15:40]} {[%emt 00:00:02]} 6.
Bxd5 {[%clk 00:16:02]} Nf6 {[%clk 00:15:34]} {[%emt 00:00:16]} 7. Bxf7+ {[%clk
00:16:11]} {[%emt 00:00:01]} Kxf7 {[%clk 00:15:42]} {[%emt 00:00:02]} 8. Qxd8
{[%clk 00:16:19]} {[%emt 00:00:01]} Bb4+ {[%clk 00:15:50]} {[%emt 00:00:02]} 9.
Qd2 {[%emt 00:00:01]} Bxd2+ {[%emt 00:00:02]} 10. Nxd2 {[%clk 00:16:23]} {[%emt
00:00:02]} Nc6 {[%clk 00:15:47]} {[%emt 00:00:14]} 11. Ngf3 {[%clk 00:16:32]}
{[%emt 00:00:01]} Re8 {[%clk 00:15:38]} {[%emt 00:00:19]} 12. O-O {[%clk
00:16:36]} {[%emt 00:00:06]} Bg4 {[%clk 00:15:34]} {[%emt 00:00:13]} 13. Bxf6
{[%clk 00:16:31]} {[%emt 00:00:16]} Kxf6 {[%clk 00:15:35]} {[%emt 00:00:09]} 14.
Rfe1 {[%clk 00:16:17]} {[%emt 00:00:24]} Rad8 {[%clk 00:15:21]} {[%emt
00:00:24]} 15. Rab1 {[%clk 00:16:06]} {[%emt 00:00:21]} b6 {[%clk 00:15:18]}
{[%emt 00:00:13]} 16. Rbc1 {[%clk 00:16:14]} {[%emt 00:00:02]} Re6 {[%clk
00:14:24]} {[%emt 00:01:04]} 17. h3 {[%clk 00:15:51]} {[%emt 00:00:32]} Bxf3
{[%clk 00:14:30]} {[%emt 00:00:04]} 18. Nxf3 {[%clk 00:15:58]} {[%emt
00:00:03]} Rd7 {[%clk 00:14:04]} {[%emt 00:00:37]} 19. Rc4 {[%clk 00:15:27]}
{[%emt 00:00:41]} Ne5 {[%clk 00:13:56]} {[%emt 00:00:18]} 20. Nxe5 {[%clk
00:15:19]} {[%emt 00:00:18]} Rxe5 {[%clk 00:13:54]} {[%emt 00:00:12]} 21. f4
{[%clk 00:15:25]} {[%emt 00:00:03]} Ra5 {[%clk 00:13:56]} {[%emt 00:00:09]} 22.
Rc6+ {[%clk 00:15:14]} {[%emt 00:00:21]} Ke7 {[%clk 00:14:00]} {[%emt
00:00:06]} 23. Re2 {[%clk 00:15:21]} {[%emt 00:00:03]} Rd1+ {[%clk 00:14:00]}
{[%emt 00:00:10]} 24. Kh2 {[%clk 00:15:30]} {[%emt 00:00:01]} Kd7 {[%clk
00:14:09]} {[%emt 00:00:01]} 25. Rec2 {[%clk 00:15:33]} {[%emt 00:00:08]} Rc5
{[%clk 00:14:06]} {[%emt 00:00:12]} 26. R6xc5 {[%clk 00:15:32]} {[%emt
00:00:11]} bxc5 {[%clk 00:14:14]} {[%emt 00:00:02]} 27. Rxc5 {[%clk 00:15:40]}
{[%emt 00:00:02]} Rd4 {[%clk 00:14:22]} {[%emt 00:00:02]} 28. Re5 {[%clk
00:15:31]} {[%emt 00:00:19]} Ra4 {[%clk 00:14:27]} {[%emt 00:00:05]} 29. Rf5
{[%clk 00:15:21]} {[%emt 00:00:20]} Rxe4 {[%clk 00:14:32]} {[%emt 00:00:05]} 30.
Rf7+ {[%clk 00:15:29]} {[%emt 00:00:02]} Re7 {[%clk 00:14:41]} 31. Rf5 {[%clk
00:15:11]} {[%emt 00:00:27]} Kc6 {[%clk 00:14:39]} {[%emt 00:00:13]} 32. a4
{[%clk 00:15:05]} {[%emt 00:00:15]} g6 {[%clk 00:14:44]} {[%emt 00:00:06]} 33.
Ra5 {[%clk 00:14:53]} {[%emt 00:00:22]} Kb6 {[%clk 00:14:49]} {[%emt 00:00:05]}
34. Rb5+ {[%clk 00:15:02]} {[%emt 00:00:01]} Ka6 {[%clk 00:14:58]} {[%emt
00:00:02]} 35. g4 {[%clk 00:14:28]} {[%emt 00:00:43]} Re4 {[%clk 00:15:06]}
{[%emt 00:00:03]} 36. Rc5 {[%clk 00:14:35]} {[%emt 00:00:03]} Kb6 {[%clk
00:15:07]} {[%emt 00:00:10]} 37. Rb5+ {[%clk 00:14:43]} Kc6 {[%clk 00:15:14]}
{[%emt 00:00:03]} 38. Ra5 {[%clk 00:14:52]} {[%emt 00:00:01]} Rxf4 {[%clk
00:15:20]} {[%emt 00:00:03]} 39. Rxa7 {[%clk 00:14:57]} {[%emt 00:00:05]} Kb6
{[%clk 00:15:25]} {[%emt 00:00:06]} 40. Ra8 {[%clk 00:15:05]} {[%emt 00:00:02]}
Kb7 {[%clk 00:15:31]} {[%emt 00:00:04]} 41. Ra5 {[%clk 00:15:12]} {[%emt
00:00:03]} Rc4 {[%clk 00:15:36]} {[%emt 00:00:05]} 42. Kg3 {[%clk 00:15:14]}
{[%emt 00:00:07]} c5 {[%clk 00:15:33]} {[%emt 00:00:13]} 43. h4 {[%clk
00:14:28]} {[%emt 00:00:56]} h5 {[%clk 00:15:30]} {[%emt 00:00:14]} 44. gxh5
{[%clk 00:12:37]} {[%emt 00:02:00]} gxh5 {[%clk 00:15:38]} {[%emt 00:00:03]} 45.
Kf3 {[%clk 00:12:29]} {[%emt 00:00:17]} Kb6 {[%clk 00:15:43]} {[%emt 00:00:05]}
46. Ra8 {[%clk 00:12:20]} {[%emt 00:00:20]} Rxh4 {[%clk 00:15:47]} {[%emt
00:00:05]} 47. Rb8+ {[%clk 00:12:26]} {[%emt 00:00:04]} Ka5 {[%clk 00:15:55]}
{[%emt 00:00:03]} 48. Rb5+ {[%clk 00:12:34]} {[%emt 00:00:02]} Ka6 {[%clk
00:16:03]} {[%emt 00:00:02]} 49. Rxc5 {[%clk 00:12:42]} {[%emt 00:00:02]} Rxa4
{[%clk 00:16:11]} {[%emt 00:00:02]} 50. Rxh5 {[%clk 00:12:49]} {[%emt
00:00:02]} 1/2-1/2

[Event "British Rapidplay Championship 2023"]
[Site "Mercure Bradford, Bankfield Hotel"]
[Date "2023.04.16"]
[Round "10.28"]
[White "Weldon, James"]
[Black "Parr, Thomas"]
[Result "0-1"]
[TimeControl "All moves in 15 minutes plus 10 second increment per move from move 1"]
[WhiteElo "1455"]
[BlackElo "1324"]

1. e4 {[%clk 00:11:37]} {[%emt 00:03:42]} c6 {[%clk 00:15:19]} {[%emt
00:00:01]} 2. Nf3 {[%clk 00:11:41]} {[%emt 00:00:05]} d5 {[%clk 00:15:28]}
{[%emt 00:00:01]} 3. e5 {[%clk 00:11:50]} {[%emt 00:00:02]} Bg4 {[%clk
00:15:35]} {[%emt 00:00:02]} 4. Be2 {[%clk 00:11:59]} {[%emt 00:00:02]} e6
{[%clk 00:15:43]} {[%emt 00:00:02]} 5. d4 {[%clk 00:12:08]} {[%emt 00:00:01]}
c5 {[%clk 00:15:41]} {[%emt 00:00:11]} 6. c3 {[%clk 00:12:16]} {[%emt
00:00:01]} Nc6 {[%clk 00:15:49]} {[%emt 00:00:02]} 7. Be3 {[%clk 00:12:24]}
{[%emt 00:00:01]} Qb6 {[%clk 00:15:45]} {[%emt 00:00:15]} 8. Qd2 {[%clk
00:11:43]} {[%emt 00:00:51]} cxd4 {[%clk 00:15:35]} {[%emt 00:00:19]} 9. Bxd4
{[%clk 00:11:47]} {[%emt 00:00:06]} Nxd4 {[%clk 00:15:42]} {[%emt 00:00:04]} 10.
Nxd4 {[%clk 00:11:54]} {[%emt 00:00:02]} Bxe2 {[%clk 00:15:45]} {[%emt
00:00:07]} 11. Qxe2 {[%clk 00:12:01]} {[%emt 00:00:03]} Bc5 {[%clk 00:15:50]}
{[%emt 00:00:06]} 12. Qb5+ {[%clk 00:12:00]} {[%emt 00:00:11]} Qxb5 {[%clk
00:15:50]} {[%emt 00:00:10]} 13. Nxb5 {[%clk 00:12:09]} {[%emt 00:00:02]} Bb6
{[%clk 00:15:50]} {[%emt 00:00:09]} 14. Nd6+ {[%clk 00:12:15]} {[%emt
00:00:04]} Kd7 {[%clk 00:15:29]} {[%emt 00:00:31]} 15. Nxf7 {[%clk 00:12:22]}
{[%emt 00:00:03]} Ne7 {[%clk 00:15:32]} {[%emt 00:00:07]} 16. Nxh8 {[%clk
00:12:30]} {[%emt 00:00:03]} Rxh8 {[%clk 00:15:40]} {[%emt 00:00:02]} 17. O-O
{[%clk 00:12:37]} {[%emt 00:00:02]} Ng6 {[%clk 00:15:46]} {[%emt 00:00:04]} 18.
Re1 {[%clk 00:12:45]} {[%emt 00:00:03]} Rf8 {[%clk 00:15:55]} {[%emt 00:00:02]}
19. Re2 {[%clk 00:12:51]} {[%emt 00:00:03]} Nf4 {[%clk 00:16:00]} {[%emt
00:00:04]} 20. Rd2 {[%clk 00:12:51]} {[%emt 00:00:10]} Ng6 {[%clk 00:15:51]}
{[%emt 00:00:19]} 21. c4 {[%clk 00:12:56]} {[%emt 00:00:05]} Rc8 {[%clk
00:15:27]} {[%emt 00:00:35]} 22. b3 {[%clk 00:13:03]} {[%emt 00:00:03]} Nxe5
{[%clk 00:15:28]} {[%emt 00:00:09]} 23. Nc3 {[%clk 00:13:08]} {[%emt 00:00:05]}
Ba5 {[%clk 00:15:24]} {[%emt 00:00:15]} 24. Rc1 {[%clk 00:13:11]} {[%emt
00:00:06]} Ke7 {[%clk 00:11:48]} {[%emt 00:03:46]} 25. f4 {[%clk 00:13:16]}
{[%emt 00:00:05]} Nf7 {[%clk 00:11:30]} {[%emt 00:00:28]} 26. Rd4 {[%clk
00:13:14]} {[%emt 00:00:12]} Bb6 {[%clk 00:11:27]} {[%emt 00:00:14]} 27. Rcd1
{[%clk 00:13:11]} {[%emt 00:00:11]} Bxd4+ {[%clk 00:11:32]} {[%emt 00:00:06]}
28. Rxd4 {[%clk 00:13:19]} {[%emt 00:00:02]} dxc4 {[%clk 00:11:02]} {[%emt
00:00:40]} 29. bxc4 {[%clk 00:13:00]} {[%emt 00:00:29]} a6 {[%clk 00:10:49]}
{[%emt 00:00:23]} 30. a4 {[%clk 00:13:08]} {[%emt 00:00:02]} Nd6 {[%clk
00:10:47]} {[%emt 00:00:12]} 31. Ne4 {[%clk 00:12:44]} {[%emt 00:00:33]} Rxc4
{[%clk 00:09:19]} {[%emt 00:01:39]} 32. Rxc4 {[%clk 00:12:43]} {[%emt
00:00:10]} Nxc4 {[%clk 00:09:27]} {[%emt 00:00:02]} 33. Nc5 {[%clk 00:12:52]}
b6 {[%clk 00:09:17]} {[%emt 00:00:21]} 34. Nxa6 {[%clk 00:13:00]} {[%emt
00:00:02]} Kd6 {[%clk 00:08:58]} {[%emt 00:00:29]} 35. Nb4 {[%clk 00:13:05]}
{[%emt 00:00:04]} Kc5 {[%clk 00:08:58]} {[%emt 00:00:11]} 36. Nd3+ {[%clk
00:13:13]} {[%emt 00:00:03]} Kd4 {[%emt 00:01:03]} 37. Ne1 {[%clk 00:12:51]}
{[%emt 00:00:02]} Nb2 {[%clk 00:08:49]} {[%emt 00:00:16]} 38. Nf3+ {[%clk
00:12:59]} {[%emt 00:00:01]} Kd5 {[%clk 00:08:51]} {[%emt 00:00:09]} 39. g3
{[%clk 00:12:57]} {[%emt 00:00:10]} Nxa4 {[%clk 00:08:59]} {[%emt 00:00:04]} 40.
Kf2 {[%clk 00:13:05]} {[%emt 00:00:02]} b5 {[%clk 00:07:49]} {[%emt 00:01:20]}
41. h4 {[%clk 00:13:13]} {[%emt 00:00:01]} b4 {[%clk 00:07:51]} {[%emt
00:00:09]} 42. Nd2 {[%clk 00:13:18]} {[%emt 00:00:04]} Kd4 {[%clk 00:07:48]}
{[%emt 00:00:27]} 43. Ke2 {[%clk 00:13:29]} {[%emt 00:00:04]} Kc3 {[%clk
00:07:56]} {[%emt 00:00:03]} 44. Ne4+ {[%clk 00:13:36]} {[%emt 00:00:03]} Kc2
{[%clk 00:08:03]} {[%emt 00:00:03]} 45. Ng5 {[%clk 00:13:41]} {[%emt 00:00:05]}
b3 {[%clk 00:08:07]} {[%emt 00:00:07]} 46. Nxe6 {[%clk 00:13:49]} {[%emt
00:00:01]} b2 {[%clk 00:08:15]} {[%emt 00:00:02]} 47. Nd4+ Kc3 {[%emt
00:00:14]} 48. Nb5+ {[%clk 00:13:39]} {[%emt 00:00:04]} Kb4 {[%clk 00:08:19]}
{[%emt 00:00:06]} 49. Nd4 {[%clk 00:13:18]} {[%emt 00:00:32]} b1=Q {[%emt
00:00:10]} 50. Kf3 {[%clk 00:13:21]} {[%emt 00:00:06]} Qd3+ {[%clk 00:08:25]}
{[%emt 00:00:06]} 0-1

[Event "British Rapidplay Championship 2023"]
[Site "Mercure Bradford, Bankfield Hotel"]
[Date "2023.04.16"]
[Round "10.29"]
[White "Bowmer, James"]
[Black "Convalle, Pietro"]
[Result "1/2-1/2"]
[TimeControl "All moves in 15 minutes plus 10 second increment per move from move 1"]
[WhiteElo "1531"]
[BlackElo "1481"]

1. e4 {[%clk 00:15:17]} {[%emt 00:00:02]} c5 {[%clk 00:15:19]} 2. c3 {[%clk
00:15:26]} {[%emt 00:00:02]} a6 {[%clk 00:15:28]} 3. d4 {[%clk 00:15:35]}
{[%emt 00:00:01]} cxd4 {[%clk 00:15:36]} {[%emt 00:00:02]} 4. cxd4 {[%clk
00:15:43]} {[%emt 00:00:02]} g6 {[%clk 00:15:44]} {[%emt 00:00:02]} 5. Nf3
{[%clk 00:15:50]} {[%emt 00:00:03]} Bg7 {[%clk 00:15:52]} {[%emt 00:00:01]} 6.
Be2 {[%clk 00:15:28]} {[%emt 00:00:32]} e6 {[%clk 00:15:41]} {[%emt 00:00:21]}
7. O-O {[%clk 00:15:33]} {[%emt 00:00:05]} Ne7 {[%clk 00:15:34]} {[%emt
00:00:17]} 8. Nc3 {[%clk 00:15:20]} {[%emt 00:00:24]} O-O {[%clk 00:15:41]}
{[%emt 00:00:03]} 9. Bf4 {[%clk 00:15:13]} {[%emt 00:00:17]} f5 {[%clk
00:15:08]} {[%emt 00:00:42]} 10. Qd2 {[%clk 00:14:06]} {[%emt 00:01:18]} fxe4
{[%clk 00:13:02]} {[%emt 00:02:15]} 11. Nxe4 {[%clk 00:14:12]} {[%emt
00:00:04]} Nd5 {[%clk 00:13:10]} {[%emt 00:00:03]} 12. Bh6 {[%clk 00:12:24]}
{[%emt 00:01:58]} Bxh6 {[%clk 00:11:37]} {[%emt 00:01:43]} 13. Qxh6 {[%clk
00:12:31]} {[%emt 00:00:03]} Nf4 {[%clk 00:11:06]} {[%emt 00:00:40]} 14. Rfe1
{[%clk 00:11:17]} {[%emt 00:01:24]} Rf5 {[%clk 00:09:23]} {[%emt 00:01:54]} 15.
g3 {[%clk 00:07:54]} {[%emt 00:03:33]} Nxe2+ {[%clk 00:09:09]} {[%emt
00:00:23]} 16. Kg2 {[%clk 00:06:18]} {[%emt 00:01:46]} Rh5 {[%clk 00:07:53]}
{[%emt 00:01:26]} 17. Qe3 {[%clk 00:05:50]} {[%emt 00:00:38]} Nxd4 {[%clk
00:07:36]} {[%emt 00:00:27]} 18. Qxd4 {[%clk 00:05:53]} {[%emt 00:00:08]} Nc6
{[%clk 00:07:41]} {[%emt 00:00:05]} 19. Qc3 {[%clk 00:05:21]} {[%emt 00:00:38]}
Rf5 {[%clk 00:06:59]} {[%emt 00:00:55]} 20. Rad1 {[%clk 00:04:15]} {[%emt
00:01:16]} Qf8 {[%clk 00:07:07]} {[%emt 00:00:03]} 21. Nd6 {[%clk 00:03:41]}
{[%emt 00:00:43]} Qf6 {[%clk 00:06:17]} {[%emt 00:01:00]} 22. Nxf5 {[%clk
00:03:07]} {[%emt 00:00:45]} Qxf5 {[%clk 00:06:14]} {[%emt 00:00:13]} 23. Nd4
{[%clk 00:02:45]} {[%emt 00:00:31]} Qd5+ {[%clk 00:05:52]} {[%emt 00:00:33]} 24.
Kg1 {[%clk 00:02:36]} {[%emt 00:00:18]} Qxa2 {[%clk 00:05:27]} {[%emt
00:00:36]} 25. Nxc6 {[%clk 00:02:15]} {[%emt 00:00:31]} bxc6 {[%clk 00:05:35]}
{[%emt 00:00:02]} 26. Qf6 {[%clk 00:01:19]} {[%emt 00:01:05]} Qa5 {[%clk
00:05:11]} {[%emt 00:00:34]} 1/2-1/2